| 000 -LEADER |
| fixed length control field |
00888cam a2200265 a 4500 |
| 001 - CONTROL NUMBER |
| control field |
10838 |
| 003 - CONTROL NUMBER IDENTIFIER |
| control field |
BD-DhUAP |
| 005 - DATE AND TIME OF LATEST TRANSACTION |
| control field |
20210130162332.0 |
| 008 - FIXED-LENGTH DATA ELEMENTS--GENERAL INFORMATION |
| fixed length control field |
200229s1998 bg abf b f000 0 eng |
| 020 ## - INTERNATIONAL STANDARD BOOK NUMBER |
| International Standard Book Number |
984300000965 |
| 040 ## - CATALOGING SOURCE |
| Original cataloging agency |
BD-DhUAP |
| Transcribing agency |
BD-DhUAP |
| Modifying agency |
BD-DhUAP |
| Language of cataloging |
Eng |
| 082 ## - DEWEY DECIMAL CLASSIFICATION NUMBER |
| Classification number |
306.095492 GLA |
| Edition number |
23 |
| 100 ## - MAIN ENTRY--PERSONAL NAME |
| Personal name |
Glassie, Henry. |
| 245 ## - TITLE STATEMENT |
| Title |
Living traditions / |
| Statement of responsibility, etc. |
Henry Glassie and Firoz Mahmud. |
| 260 ## - PUBLICATION, DISTRIBUTION, ETC. |
| Place of publication, distribution, etc. |
Dhaka : |
| Name of publisher, distributor, etc. |
Asiatic Society of Bangladesh, |
| Date of publication, distribution, etc. |
c2007. |
| 300 ## - PHYSICAL DESCRIPTION |
| Extent |
xi, 600 pages : |
| Other physical details |
illustrations ; |
| Dimensions |
25 cm. |
| 490 ## - SERIES STATEMENT |
| Series statement |
Cultural survey of Bangladesh series ; |
| Volume/sequential designation |
11. |
| 504 ## - BIBLIOGRAPHY, ETC. NOTE |
| Bibliography, etc. note |
Includes bibliographical references and index. |
| 650 ## - SUBJECT ADDED ENTRY--TOPICAL TERM |
| Topical term or geographic name entry element |
Material culture -- Bangladesh |
| 650 ## - SUBJECT ADDED ENTRY--TOPICAL TERM |
| Topical term or geographic name entry element |
Decorative arts -- Bangladesh. |
| 700 ## - ADDED ENTRY--PERSONAL NAME |
| Personal name |
Mahmud, Firoz |
| 710 ## - ADDED ENTRY--CORPORATE NAME |
| Corporate name or jurisdiction name as entry element |
Asiatic Society of Bangladesh |
| 942 ## - ADDED ENTRY ELEMENTS (KOHA) |
| Source of classification or shelving scheme |
|
| Koha item type |
Book |